| 000 | 00428nam a22001697a 4500 | ||
|---|---|---|---|
| 005 | 20250830145159.0 | ||
| 008 | 250830b |||||||| |||| 00| 0 eng d | ||
| 020 | _a978-81-89005-63-4 | ||
| 050 | _aQA76.5.M38 2012 | ||
| 100 | _aMATHUR PRADEEP | ||
| 245 | _aINFORMATION TECHNOLOGY | ||
| 260 |
_aNEW DELHI _bSAUABH _c2012 |
||
| 300 | _a270P. | ||
| 500 | _aINCLUDES AN INDEX | ||
| 650 | _aCOMUTER STUDIES | ||
| 942 |
_2lcc _cBK |
||
| 999 |
_c216056 _d216056 |
||